Logo BPK

Biblioteka

Politechniki Koszalińskiej

Odkształcanie i pękanie / (Rekord nr 52848)

Szczegóły MARC
000 -ETYKIETA REKORDU
podpole kontrolne o stałej długości 01300nam a2200409 i 4500
001 - NUMER KONTROLNY REKORDU
pole kontrolne 52848
003 - IDENTYFIKATOR NUMERU KONTROLNEGO REKORDU
podpole kontrolne KOSZ 005
005 - DATA OSTATNIEJ MODYFIKACJI REKORDU
podpole kontrolne 20221025092401.0
008 - POLE O STAŁEJ DŁUGOŚCI - DANE KONTROLNE
podpole kontrolne o stałej długości 030312s2002 pl a f f |000 0 pol
015 ## - NUMER BIBLIOGRAFII NARODOWEJ
Numer bibliografii narodowej PB 2003/4957
020 ## - MIĘDZYNARODOWY ZNORMALIZOWANY NUMER KSIĄŻKI - ISBN
ISBN 8388408534
040 ## - ŹRÓDŁO KATALOGOWANIA
Instytucja, która sporządziła opis WA N
Instytucja, która utworzyła rekord WA N
Instytucja, która dokonała modyfikacji KOSZ 005/HR
041 0# - KOD JĘZYKA
Kod języka tekstu pol
046 ## - DATY KODOWANE
Pojedyncza data lub początek okresu powstania dzieła lub zbioru dzieł 2002
080 ## - UNIWERSALNA KLASYFIKACJA DZIESIĘTNA - UKD
UKD 539.3/.6
080 ## - UNIWERSALNA KLASYFIKACJA DZIESIĘTNA - UKD
UKD 620.1
080 ## - UNIWERSALNA KLASYFIKACJA DZIESIĘTNA - UKD
UKD (075.8)
100 1# - NAZWA OSOBOWA
Nazwa osobowa Blicharski, Marek
Daty związane z nazwą (1941- )
Określenie rodzaju współpracy Autor
245 10 - TYTUŁ/ODPOWIEDZIALNOŚĆ
Tytuł Odkształcanie i pękanie /
Pozostałe elementy strefy tytułu i oznaczenia odpowiedzialności Marek Blicharski.
260 ## - STREFA ADRESU WYDAWNICZEGO
Miejsce wydania Kraków :
Nazwa wydawcy/dystrybutora AGH [Akademia Górniczo-Hutnicza]. Uczelniane Wydawnictwa Naukowo-Dydaktyczne,
Data publikacji, dystrybucji/powstania dokumentu 2002.
300 ## - STREFA OPISU FIZYCZNEGO
Objętość 293, [1] s. :
Inne cechy fizyczne il. ;
Rozmiary 24 cm.
336 ## - TYP ZAWARTOŚCI
Źródło (terminu i kodu) rdacontent
Termin opisujący typ zawartości Tekst
Kod określający zawartość txt
337 ## - TYP MEDIÓW
Źródło (terminu i kodu) rdamedia
Tryb odtwarzania Bez urządzenia pośredniczącego
Kod typu mediów n
338 ## - TYP/RODZAJ NOŚNIKA
Źródło (terminu i kodu) rdacarrier
Hasło opisujące typ nośnika Wolumin
Kod typu nośnika nc
380 ## - FORMA I TYP PUBLIKACJI
Forma i typ publikacji Książki
388 ## - CZAS POWSTANIA
Czas powstania 2001-
504 ## - UWAGA DOTYCZĄCA BIBLIOGRAFII
Informacje o bibliografii Bibliogr.
650 #4 - HASŁO PRZEDMIOTOWE W FORMIE NAZWY OGÓLNEJ LUB JEDNOSTKOWEJ
Nazwa ogólna lub geograficzna Metale
650 #4 - HASŁO PRZEDMIOTOWE W FORMIE NAZWY OGÓLNEJ LUB JEDNOSTKOWEJ
Nazwa ogólna lub geograficzna Mechanika pękania
650 #4 - HASŁO PRZEDMIOTOWE W FORMIE NAZWY OGÓLNEJ LUB JEDNOSTKOWEJ
Nazwa ogólna lub geograficzna Naprężenia i odkształcenia
650 #4 - HASŁO PRZEDMIOTOWE W FORMIE NAZWY OGÓLNEJ LUB JEDNOSTKOWEJ
Nazwa ogólna lub geograficzna Pękanie
655 #4 - TERMIN INDEKSOWY - OKREŚLENIE RODZAJU/FORMY DOKUMENTU
Określenie rodzaju/formy dokumentu Podręczniki akademickie
658 ## - TERMIN INDEKSOWY - PRZEDMIOT PROGRAMU NAUCZANIA
Główny przedmiot programu nauczania Inżynieria i technika
710 2# - HASŁO DODATKOWE - NAZWA CIAŁA ZBIOROWEGO
Nazwa ciała zbiorowego lub jednostki geograficznej Wydawnictwo AGH
Kod określenia powiązania pbl.
856 ## - LOKALIZACJA I DOSTĘP DO ELEKTRONICZNYCH DOKUMENTÓW ZDALNYCH
Link (URL) http://koha.tu.koszalin.pl/cgi-bin/koha/opac-detail.pl?biblionumber=52848
Tekst linku Katalog online BPK
942 ## - DODATKOWE ELEMENTY (KOHA)
Schemat klasyfikacji Uniwersalna Klasyfikacja Dziesiętna
Typ dokumentu Książka
Egzemplarze
Wycofany Status egzemplarza Uszkodzony Dostępność Lokalizacja stała Lokalizacja bieżąca Miejsce przechowywania Sygnatura Kod kreskowy Dział Typ dokumentu Status: wypożyczony Ostatnio wypożyczono
      Tylko na miejscu Biblioteka Politechniki Koszalińskiej Biblioteka Politechniki Koszalińskiej Czytelnia BG 81816 02341590 620.1/.3 Materiałoznawstwo. Nanotechnologia Książka    
      Dostępny Biblioteka Politechniki Koszalińskiej Biblioteka Politechniki Koszalińskiej Wypożyczalnia BG 81817 02341583   Książka 23.04.2027 15.02.2023
© 2023 Biblioteka Politechniki Koszalińskiej :: KOHA